Vplyv redukcie rizika na príjmy firmy
Pôsobenie poistných stratégií na riziko podnikových príjmov. Formy delenia rizika v priamych poistných kontraktoch: poistenie a spoluúčasť. Redukcia rizika poistením. Redukcia rizika pri spoluúčasti.
Salvato in:
| Autore principale: | |
|---|---|
| Altri autori: | |
| Natura: | Capitolo di libro |
| Lingua: | slovacco |
| Soggetti: | |
| Tags: |
Nessun Tag, puoi essere il primo ad aggiungerne!!
|
MARC
| LEADER | 00000naa$a2200000$$$4500 | ||
|---|---|---|---|
| 001 | 0020890 | ||
| 005 | 20240502071411.6 | ||
| 041 | 0 | |a slo | |
| 044 | |a SK | ||
| 245 | 1 | 0 | |a Vplyv redukcie rizika na príjmy firmy |c Ľudovít Pinda, Anna Starečková |
| 520 | |a Pôsobenie poistných stratégií na riziko podnikových príjmov. Formy delenia rizika v priamych poistných kontraktoch: poistenie a spoluúčasť. Redukcia rizika poistením. Redukcia rizika pri spoluúčasti. | ||
| 610 | 2 | 0 | |a poistenie |
| 610 | 2 | 0 | |a podnik |
| 610 | 2 | 0 | |a riziko |
| 610 | 2 | 0 | |a zdroje finančné |
| 610 | 2 | 0 | |a príjmy |
| 100 | 1 | |a Pinda, Ľudovít, 1958- | |
| 700 | 1 | |a Starečková, Anna | |